Normal view
MARC view
- Escoe, A. Keth
Entry Personal Name
001 - CONTROL NUMBER
- control field: 76574
003 - CONTROL NUMBER IDENTIFIER
- control field: NUST
005 - DATE AND TIME OF LATEST TRANSACTION
- control field: 20210628205654.0
008 - FIXED-LENGTH DATA ELEMENTS
- fixed length control field: 210628|| aca||aabn | a|a d
040 ## - CATALOGING SOURCE
- Original cataloging agency: NUST
- Transcribing agency: NUST
100 ## - HEADING--PERSONAL NAME
- Personal name: Escoe, A. Keth
670 ## - SOURCE DATA FOUND
- Source citation: Work cat.: (NUST): Escoe, A. Keth, Mechanical design of process systems shell and tube heat exchangers rotating equipment bins silos stacks, 1995
